| 000 | 00834cam a2200241 a 4500 | ||
|---|---|---|---|
| 001 | 000004247 | ||
| 005 | 20200929151422.0 | ||
| 008 | 720420s1972 mx a 001 0 spa | ||
| 040 |
_aDO-SdBNP _bspa _cBNPHU |
||
| 041 | 1 | 7 |
_aspa _heng _2Código de idioma MARC |
| 082 |
_a796.42 _bD655t |
||
| 100 | 1 |
_aDoherty, J. Kenneth, _d1905- _912550 |
|
| 240 | 1 | 0 |
_aModern track and field. _lEspañol |
| 245 | 1 | 0 |
_aTratado moderno de pista y campo / _cJ. Kenneth Doherty ; traductor, Margarita Álvarez Franco. |
| 260 |
_aMéxico : _bEditores Asociados, _c1972. |
||
| 300 |
_a606 p. : _bil. ; _c24 cm. |
||
| 534 |
_pTítulo original: _tModern track and field |
||
| 650 | 4 |
_aDeportes de pista _912551 |
|
| 650 | 4 |
_aEducación física _912552 |
|
| 700 | 1 |
_aÁlvarez Franco, Margarita, _etr. _912553 |
|
| 910 | _aCatalogación derivada | ||
| 910 | _aWM | ||
| 999 |
_c4061 _d4061 |
||